| 000 | 01488nam a2200313 a 4500 | ||
|---|---|---|---|
| 001 | 000027148 | ||
| 003 | DO-SdBNP | ||
| 005 | 20230123103628.0 | ||
| 007 | ta | ||
| 008 | 110330s2009 dr ac 001 0dspa d | ||
| 020 | _a9789945857054 | ||
| 040 |
_aDO-SdBNP _bspa _cBNPHU |
||
| 082 |
_a780.980 _bC975L _222 |
||
| 100 | 1 |
_aCuriel, Michael _954206 |
|
| 245 | 1 | 0 |
_aLatinoamérica : _bde música y músicos / _cMichael Curiel. |
| 260 |
_aSanto Domingo : _bFormación, _c2009. |
||
| 300 |
_av. ; _c22 cm. _bil., retrs. |
||
| 500 | _aLa biblioteca posee el v. 1. | ||
| 500 | _aIncluye datos biográficos del autor en la contraportada. | ||
| 505 | 0 |
_gIntroducción -- _gPrólogo / _rVíctor Manuel Matos (Milito) -- _tComo un bolero!...pero latinoamericano -- _tCuando suena en el baile un merengón -- _tUna bachata o le corazón de una vellonera -- _tDe forma plena explota la bomba -- _tBreve vistazo al Lat-in-jazz -- _tLa Nova Samba Bossa -- _aDe Rap, Ragga, Reggae, Raggamufin, Reggaetón y otr@s R´s -- _tCon más salsa que pesca´o -- _gBibliografía. |
|
| 590 | _aInventariado, 2018/LP | ||
| 650 | 4 |
_aMúsica bailable latinoamericana _xHistoria _954207 |
|
| 650 | 4 |
_aMúsica popular latinoamericana _xHistoria y crítica _zAmérica Latina _954208 |
|
| 650 | 4 |
_aMúsicos latinoamericanos _954209 |
|
| 650 | 4 |
_aMerengue (música) _zRepública Dominicana _91324 |
|
| 650 | 4 |
_aBachata (música) _zRepública Dominicana _954210 |
|
| 910 | _aValidado. Control de calidad EMS | ||
| 942 |
_2ddc _cLBS1 |
||
| 999 |
_c26640 _d26640 |
||